| 000 | 00812nam a22002297a 4500 | ||
|---|---|---|---|
| 003 | OSt | ||
| 005 | 20221031104326.0 | ||
| 008 | 220804s2016mx |||||||f |||| 00| 0 spa d | ||
| 020 | _a978-607-7673-45-3 | ||
| 040 | _cCHAP | ||
| 082 |
_a330.092 _bE19 _222 _qBC |
||
| 245 | 0 | 0 |
_aEconomistas contemporáneos ll : _bun resumen de obras selectas / _cpor Jeffrey Sachs ... [ y otros ]; compilado por Gerardo Reyes Guzmán. |
| 264 | 4 |
_aMéxico : _bEl Colegio de Tlaxcala, _c2016 (derechos reservados). |
|
| 300 | _a349 páginas. | ||
| 336 |
_atexto _btxt _2rdacontenido |
||
| 337 |
_asinmedio _bn _2rdamedia |
||
| 338 |
_avolumen _bnc _2rdacarrier |
||
| 650 | 0 |
_9185324 _aEconomístas _xHistoria _ySiglo XX |
|
| 700 |
_9185323 _aSachs, Jeffrey |
||
| 700 | 1 |
_996857 _aReyes Guzmán, Gerardo _ecompilador. |
|
| 942 |
_2ddc _cLIBRO |
||
| 999 |
_c217304 _d217304 |
||